000 01302njm a22003017a 4500
005 2010091305395.0
006 a|||||r|||||00| 0
007 sd ammalaaahaa
008 100910t xxu||||| |||| 00| 0 eng d
028 _aTAE. 1424
_bAngel Records
035 _aGR-02191
040 _aSED
_cSED
100 _aMangeshkar, Lata
_919365
245 _aAshiana /
_csung by Lata Mangeshkar [and] Talat Mahmood ; Music by Madan Mohan ; Lyrics by Rajinder Krishen
_h[sound recording] :
246 _aअशिअना /
260 _aDum Dum, India
_bAngle Records
_c1968
300 _a1 sound disc [Gramophone Recording] :
_banalog, 33 1/3 rpm ;
_c7.5 in. (SP)
_fGramaphone Records
500 _aBrief records
500 _aRecord Lables : Angel Records, Brown
505 _aSide 1 मेरा करार लेजा (Mera Karar Leja) (Lata Mangeshkar),--Side-2 मैं पागल मेरा मनवा पागल (Main Pagal Mera Manva Pagal ) ( Talat Mahmood)
600 _aMangeshkar, Lata
_919611
650 _2Excerpts.
_aClassical Music
_bIndia
_919366
700 _aMahmood, Talat
_919715
700 _aKrishen, Madan
_919716
700 _aKrishen, Rajinder
_919717
942 _2ddc
_cGR
999 _c45390
_d45390